Normal view
MARC view
Entry Personal Name
001 - CONTROL NUMBER
- control field: 5111
003 - CONTROL NUMBER IDENTIFIER
- control field: BD-RjUL
005 - DATE AND TIME OF LATEST TRANSACTION
- control field: 20221003093650.0
008 - FIXED-LENGTH DATA ELEMENTS
- fixed length control field: 221003|| aca||aabn | a|a d
040 ## - CATALOGING SOURCE
- Original cataloging agency: BD-RjUL
- Transcribing agency: BD-RjUL
100 ## - HEADING--PERSONAL NAME
- Personal name: العمادي , عبدالله # # Al Emadi Abdullah
670 ## - SOURCE DATA FOUND
- Source citation: Work cat.: (BD-RjUL)80484: الواقدي, محمد بن سعد كاتب ## alwaqidi , muhamad bin saed katib 5110, طبقات كبير # # tabaqat kabir /, 1944